<?xml version="1.0" encoding="UTF-8"?>
<record
    xmlns:xsi="http://www.w3.org/2001/XMLSchema-instance"
    xsi:schemaLocation="http://www.loc.gov/MARC21/slim http://www.loc.gov/standards/marcxml/schema/MARC21slim.xsd"
    xmlns="http://www.loc.gov/MARC21/slim">

  <leader>01177nam a22003737a 4500</leader>
  <controlfield tag="001">056</controlfield>
  <controlfield tag="003">DO-SdBNP</controlfield>
  <controlfield tag="005">20180220153332.0</controlfield>
  <controlfield tag="007">056</controlfield>
  <controlfield tag="008">151005b1991sp  00| 0 spa d</controlfield>
  <datafield tag="020" ind1=" " ind2=" ">
    <subfield code="a">8434812444</subfield>
  </datafield>
  <datafield tag="040" ind1=" " ind2=" ">
    <subfield code="a">BPMSU</subfield>
    <subfield code="b">spa</subfield>
    <subfield code="c">BPMSU</subfield>
  </datafield>
  <datafield tag="082" ind1=" " ind2=" ">
    <subfield code="a">863.6 </subfield>
    <subfield code="b">C386m 1991</subfield>
  </datafield>
  <datafield tag="092" ind1=" " ind2=" ">
    <subfield code="a"> </subfield>
    <subfield code="b"> </subfield>
  </datafield>
  <datafield tag="100" ind1="1" ind2=" ">
    <subfield code="a">Ca&#xF1;izo Perate, Jos&#xE9; Antonio del.</subfield>
  </datafield>
  <datafield tag="245" ind1="1" ind2="0">
    <subfield code="a">El maestro y el robot /</subfield>
    <subfield code="c">Jos&#xE9; A. del Ca&#xF1;izo ; ilustraci&#xF3;n Arcadio Lobato ; colecci&#xF3;n dirigida por Marinella Terzi</subfield>
  </datafield>
  <datafield tag="250" ind1=" " ind2=" ">
    <subfield code="a">11a. ed.</subfield>
  </datafield>
  <datafield tag="260" ind1=" " ind2=" ">
    <subfield code="a">Madrid :</subfield>
    <subfield code="b">Ediciones SM, </subfield>
    <subfield code="c">1991</subfield>
  </datafield>
  <datafield tag="300" ind1=" " ind2=" ">
    <subfield code="a">154 p. :</subfield>
    <subfield code="b">il. ;</subfield>
    <subfield code="c">19 cm.</subfield>
  </datafield>
  <datafield tag="490" ind1="1" ind2=" ">
    <subfield code="a">El barco de vapor</subfield>
    <subfield code="v">49/11</subfield>
  </datafield>
  <datafield tag="490" ind1="1" ind2=" ">
    <subfield code="a">Roja</subfield>
  </datafield>
  <datafield tag="500" ind1=" " ind2=" ">
    <subfield code="a">A partir de 12 a&#xF1;os</subfield>
  </datafield>
  <datafield tag="521" ind1="1" ind2=" ">
    <subfield code="a"> </subfield>
  </datafield>
  <datafield tag="586" ind1=" " ind2=" ">
    <subfield code="a">Premio Nacional a la mejor labor editorial en literatura juvenil </subfield>
  </datafield>
  <datafield tag="586" ind1=" " ind2=" ">
    <subfield code="a"> Obra premiada en el concurso literario de la Fundaci&#xF3;n Santa Mar&#xED;a</subfield>
  </datafield>
  <datafield tag="650" ind1=" " ind2=" ">
    <subfield code="a">CUENTOS JUVENILES ESPA&#xD1;OLES </subfield>
  </datafield>
  <datafield tag="700" ind1="1" ind2="2">
    <subfield code="a">Lobato, Arcadio</subfield>
    <subfield code="e">il.</subfield>
  </datafield>
  <datafield tag="700" ind1="1" ind2="2">
    <subfield code="a">Terzi, Marinella</subfield>
    <subfield code="e">dir.</subfield>
  </datafield>
  <datafield tag="830" ind1=" " ind2="0">
    <subfield code="a">Barco de vapor</subfield>
    <subfield code="n">49/11</subfield>
    <subfield code="p">Roja </subfield>
  </datafield>
  <datafield tag="910" ind1=" " ind2=" ">
    <subfield code="a">202</subfield>
  </datafield>
  <datafield tag="942" ind1=" " ind2=" ">
    <subfield code="2">ddc</subfield>
    <subfield code="c">BK</subfield>
  </datafield>
  <datafield tag="945" ind1=" " ind2=" ">
    <subfield code="a">Inventariado, 2018 / BT</subfield>
  </datafield>
  <datafield tag="952" ind1=" " ind2=" ">
    <subfield code="0">0</subfield>
    <subfield code="1">0</subfield>
    <subfield code="2">ddc</subfield>
    <subfield code="4">0</subfield>
    <subfield code="7">0</subfield>
    <subfield code="8">CI-G</subfield>
    <subfield code="a">BPMET</subfield>
    <subfield code="b">BPMET</subfield>
    <subfield code="d">2016-10-20</subfield>
    <subfield code="e"> </subfield>
    <subfield code="f">Sin sellar</subfield>
    <subfield code="l">0</subfield>
    <subfield code="o">863.6  C386m 1991</subfield>
    <subfield code="p">BPMSU16100298</subfield>
    <subfield code="r">2016-10-20</subfield>
    <subfield code="w">2016-10-20</subfield>
    <subfield code="y">BK</subfield>
  </datafield>
  <datafield tag="956" ind1=" " ind2=" ">
    <subfield code="a"> VMATEO</subfield>
    <subfield code="b">10</subfield>
    <subfield code="c">20161020</subfield>
    <subfield code="d">BPMSU</subfield>
    <subfield code="f">0069</subfield>
  </datafield>
  <datafield tag="999" ind1=" " ind2=" ">
    <subfield code="c">11626</subfield>
    <subfield code="d">11626</subfield>
  </datafield>
</record>
